LEADER 01076nam0 22002891i 450 001 UON00226823 005 20231205103440.701 100 $a20030730d1970 |0itac50 ba 101 $aita 102 $aIT 105 $a|||| 1|||| 200 1 $aPoemetti$fKatherine Mansfield$gprefazione e traduzione di Gilberto Altichieri 205 $aTorino : Giulio Einaudi$bc1970 210 $a95 p.$a18 cm 215 $aTesto originale a fronte. 410 1$1001UON00066088$12001 $aCollezione di Poesia$v74 620 $aIT$dTorino$3UONL000014 676 $a821.91$cPoesia inglese, 1900-1999$v21 700 1$aMANSFIELD$bKatherine$3UONV121946$0166565 702 1$aALTICHIERI$bGilberto$3UONV137327 712 $aEinaudi$3UONV246211$4650 801 $aIT$bSOL$c20241122$gRICA 899 $aSIBA - SISTEMA BIBLIOTECARIO DI ATENEO$2UONSI 912 $aUON00226823 950 $aSIBA - SISTEMA BIBLIOTECARIO DI ATENEO$dSI Francese 35 C.POE MAN $eSI LO 14881 5 996 $aPoemetti$9164728 997 $aUNIOR